[Event "SVK-chT2D 1617"]
[Site "Slovakia"]
[Date "2017.02.12"]
[Round "9.7"]
[White "Korfanta, Karol"]
[Black "Barancik, Michal"]
[Result "1/2-1/2"]
[WhiteElo "1934"]
[BlackElo "1856"]
[PlyCount "68"]
[EventDate "2016.10.08"]
[EventType "team-tourn"]
[EventRounds "11"]
[EventCountry "SVK"]
[SourceTitle "EXT 2018"]
[Source "ChessBase"]
[SourceDate "2017.10.13"]
[SourceVersion "1"]
[SourceVersionDate "2017.10.13"]
[SourceQuality "1"]
[WhiteTeam "Margecany II"]
[BlackTeam "Humenne Reinter II"]
[WhiteTeamCountry "SVK"]
[BlackTeamCountry "SVK"]

1. d4 d5 2. Nf3 e6 3. c4 Nf6 4. Nc3 Nbd7 5. Bg5 c6 6. e3 Qa5 7. Bxf6 Nxf6 8. Bd3 Bb4 9. Qc2 dxc4 10. Bxc4 Nd5 11. Rc1 b5 12. Bxd5 cxd5 13. 0-0 0-0 14. a3 Bd6 15. Ra1 Bb7 16. b4 Qc7 17. Rfc1 a6 18. Qb2 Qe7 19. Rc2 Rac8 20. Rac1 Rc4 21. Nd2 Rc7 22. Nb3 Rfc8 23. Nc5 Bxc5 24. bxc5 Bc6 25. f4 Rb7 26. Na2 a5 27. Qc3 Qc7 28. Rb2 Rcb8 29. Rcb1 h6 30. Nc1 g5 31. fxg5 hxg5 32. Nd3 f6 33. Rf1 Kg7 34. Rbf2 f5 1/2-1/2

[Event "SVK-chT2D 1617"]
[Site "Slovakia"]
[Date "2016.10.09"]
[Round "2.7"]
[White "Barancik, Michal"]
[Black "Kopnicky, Frantisek"]
[Result "1/2-1/2"]
[WhiteElo "1856"]
[BlackElo "1877"]
[PlyCount "93"]
[EventDate "2016.10.08"]
[EventType "team-tourn"]
[EventRounds "11"]
[EventCountry "SVK"]
[SourceTitle "EXT 2018"]
[Source "ChessBase"]
[SourceDate "2017.10.13"]
[SourceVersion "1"]
[SourceVersionDate "2017.10.13"]
[SourceQuality "1"]
[WhiteTeam "Humenne Reinter II"]
[BlackTeam "Poprad LS VD"]
[WhiteTeamCountry "SVK"]
[BlackTeamCountry "SVK"]

1. Nf3 Nf6 2. c4 g6 3. d4 Bg7 4. Nc3 d5 5. e3 0-0 6. Bd3 Bg4 7. h3 dxc4 8. Bxc4 Bd7 9. 0-0 c6 10. a4 Qe8 11. Ne5 Be6 12. Qb3 Bxc4 13. Qxc4 Nbd7 14. Nxd7 Nxd7 15. Ne2 e5 16. Rb1 Nb6 17. Qc2 Qe6 18. b3 e4 19. Ba3 Rfe8 20. Nf4 Qd7 21. a5 Nd5 22. Nxd5 cxd5 23. b4 Rac8 24. Qb3 Qb5 25. Rfc1 Bf8 26. Rc3 Rc4 27. Rxc4 Qxc4 28. Qxc4 dxc4 29. Rc1 Rc8 30. Rc3 a6 31. Kf1 f5 32. Ke2 Kf7 33. f4 Ke6 34. Kd2 Kd5 35. Rc1 Be7 36. Kc3 g5 37. Rf1 Rg8 38. Bc1 g4 39. h4 g3 40. h5 Rg4 41. Rh1 h6 42. Bd2 Bd8 43. Bc1 Bc7 44. Ba3 Bd6 45. Bc1 Bc7 46. Ba3 Bd6 47. Bc1 1/2-1/2

[Event "SVK-chT2D 1314"]
[Site "Slovakia"]
[Date "2014.02.01"]
[Round "7.7"]
[White "Barancik, Michal"]
[Black "Jurov, Pavol"]
[Result "0-1"]
[WhiteElo "1880"]
[BlackElo "1909"]
[PlyCount "88"]
[EventDate "2013.10.19"]
[EventType "team-tourn"]
[EventRounds "11"]
[EventCountry "SVK"]
[SourceTitle "EXT 2015"]
[Source "ChessBase"]
[SourceDate "2014.11.20"]
[SourceVersion "1"]
[SourceVersionDate "2014.11.20"]
[SourceQuality "1"]
[WhiteTeam "Humenne II"]
[BlackTeam "Kosice Slavia TU IV"]
[WhiteTeamCountry "SVK"]
[BlackTeamCountry "SVK"]

1. Nf3 Nf6 2. c4 g6 3. Nc3 Bg7 4. d4 0-0 5. e4 d6 6. Be2 e5 7. dxe5 dxe5 8. Qxd8 Rxd8 9. Bg5 Nbd7 10. Rd1 Rf8 11. 0-0 c6 12. b4 h6 13. Bxf6 Bxf6 14. a4 Bd8 15. Rd2 Bc7 16. Rfd1 Nf6 17. Ne1 Be6 18. f3 Rfd8 19. g4 Kf8 20. h3 Ke7 21. Kg2 Rh8 22. h4 Nh7 23. Nc2 h5 24. g5 f6 25. gxf6+ Kxf6 26. Ne3 g5 27. Rh1 gxh4 28. Rxh4 Ng5 29. Nf1 Rag8 30. Ng3 Bc8 31. Nd1 Ne6 32. Kf2 Nf4 33. Bf1 Rd8 34. Rxd8 Rxd8 35. Ne3 Kg5 36. Rh1 Rd2+ 37. Ke1 Rb2 38. Rg1 Rxb4 39. Ngf5+ Kf6 40. Rg8 Bxf5 41. exf5 Bb6 42. Kd2 Bxe3+ 43. Kxe3 Rxa4 44. Ke4 Ra1 0-1

[Event "SVK-chT2D 1314"]
[Site "Slovakia"]
[Date "2013.11.24"]
[Round "4.6"]
[White "Barancik, Michal"]
[Black "Skovran, Jaroslav"]
[Result "0-1"]
[WhiteElo "1880"]
[BlackElo "2007"]
[PlyCount "88"]
[EventDate "2013.10.19"]
[EventType "team-tourn"]
[EventRounds "11"]
[EventCountry "SVK"]
[SourceTitle "EXT 2015"]
[Source "ChessBase"]
[SourceDate "2014.11.20"]
[SourceVersion "1"]
[SourceVersionDate "2014.11.20"]
[SourceQuality "1"]
[WhiteTeam "Humenne II"]
[BlackTeam "Sabinov II"]
[WhiteTeamCountry "SVK"]
[BlackTeamCountry "SVK"]

1. Nf3 d5 2. c4 e6 3. e3 Nf6 4. Nc3 a6 5. d4 Be7 6. Bd3 dxc4 7. Bxc4 b5 8. Bd3 0-0 9. a3 c5 10. dxc5 Bxc5 11. b4 Bd6 12. Bb2 Bb7 13. 0-0 Qe7 14. e4 Nc6 15. Qe2 Ng4 16. Rfd1 Rfd8 17. h3 Nge5 18. Nxe5 Nxe5 19. Rac1 Rac8 20. Kf1 Qg5 21. Rc2 Qf4 22. g3 Qh6 23. Kg2 f5 24. f3 Nxd3 25. Rxd3 Qg6 26. e5 Bc7 27. Rxd8+ Bxd8 28. Kh2 f4 29. gxf4 Bxf3 30. Qxf3 Qxc2+ 31. Qg2 Qf5 32. Qg4 Qc2+ 33. Qg2 Qd3 34. Qg4 Qd2+ 35. Kh1 Kf7 36. Qh5+ Kf8 37. f5 Qxb2 38. fxe6 Qc1+ 39. Nd1 Qc6+ 40. Kg1 Qxe6 41. Qxh7 Bb6+ 42. Kf1 Rc1 43. Qh8+ Qg8 44. Qh5 Qf7+ 0-1

[Event "SVK-ch Seniors-A"]
[Site "Tatranske Matliare"]
[Date "2010.06.??"]
[Round "8"]
[White "Fiala, Ivan"]
[Black "Barancik, Michal"]
[Result "1/2-1/2"]
[WhiteElo "1745"]
[BlackElo "1912"]
[PlyCount "99"]
[EventDate "2010.06.06"]
[EventType "swiss"]
[EventRounds "9"]
[EventCountry "SVK"]
[SourceTitle "EXT 2023"]
[Source "ChessBase"]
[SourceDate "2022.10.05"]
[SourceVersion "1"]
[SourceVersionDate "2022.10.05"]
[SourceQuality "1"]

1. d4 d5 2. c4 e6 3. Nc3 Nf6 4. Bg5 Nbd7 5. e3 c6 6. Nf3 Qa5 7. Bxf6 Nxf6 8. Nd2 Be7 9. cxd5 exd5 10. Bd3 0-0 11. Qc2 h6 12. 0-0 Re8 13. Nf3 Bd6 14. Bf5 Bxf5 15. Qxf5 Qd8 16. Rae1 g6 17. Qc2 Ne4 18. Nd2 f5 19. Ndxe4 fxe4 20. f3 Kg7 21. fxe4 dxe4 22. g3 Qe7 23. Qb3 Rf8 24. Qc2 Rae8 25. Rxf8 Kxf8 26. Rf1+ Kg7 27. Qb3 Qd7 28. Qc2 Qe6 29. b3 h5 30. Qg2 a6 31. Qc2 b5 32. Qg2 g5 33. Qe2 Kg6 34. Qg2 Re7 35. Ne2 Kh6 36. Qf2 Kg6 37. Nc3 c5 38. Ne2 h4 39. Kg2 Rh7 40. Kg1 hxg3 41. Nxg3 Bxg3 42. Qxg3 cxd4 43. exd4 Rh4 44. Kh1 Rg4 45. Qe3 Qd6 46. Rg1 Qf4 47. Qc3 Qf3+ 48. Qxf3 Rxg1+ 49. Kxg1 exf3 50. Kf2 1/2-1/2

[Event "SVK-ch Seniors-A"]
[Site "Tatranske Matliare"]
[Date "2010.06.??"]
[Round "7"]
[White "Majzlan, Blazej"]
[Black "Barancik, Michal"]
[Result "1/2-1/2"]
[WhiteElo "1897"]
[BlackElo "1912"]
[PlyCount "75"]
[EventDate "2010.06.06"]
[EventType "swiss"]
[EventRounds "9"]
[EventCountry "SVK"]
[SourceTitle "EXT 2023"]
[Source "ChessBase"]
[SourceDate "2022.10.05"]
[SourceVersion "1"]
[SourceVersionDate "2022.10.05"]
[SourceQuality "1"]

1. c4 Nf6 2. Nc3 e6 3. g3 d5 4. cxd5 exd5 5. d4 c6 6. Bg2 Be7 7. Nf3 Be6 8. 0-0 0-0 9. Qc2 Nbd7 10. Ng5 Re8 11. e4 dxe4 12. Nxe6 fxe6 13. Nxe4 Nxe4 14. Bxe4 Nf6 15. Bd3 Qxd4 16. Be3 Qg4 17. Rad1 Qh3 18. Be2 Nd5 19. Bd4 Bf6 20. Qb3 b6 21. Bf3 Qh6 22. Qa4 b5 23. Qb3 a6 24. Rfe1 a5 25. Qc2 Rac8 26. Rxe6 Rxe6 27. Bxd5 Bxd4 28. Rxd4 Kh8 29. Bxe6 Qxe6 30. Qd2 h6 31. Rd8+ Rxd8 32. Qxd8+ Kh7 33. Qxa5 Qe4 34. Qa3 Qb1+ 35. Kg2 Qe4+ 36. Kg1 Qe1+ 37. Kg2 Qe4+ 38. Kg1 1/2-1/2

[Event "SVK-ch Seniors-A"]
[Site "Tatranske Matliare"]
[Date "2009.??.??"]
[Round "6"]
[White "Barancik, Michal"]
[Black "Paulicka, Ivan"]
[Result "1-0"]
[WhiteElo "1910"]
[BlackElo "1819"]
[PlyCount "87"]
[EventDate "2009.05.31"]
[EventType "swiss"]
[EventRounds "9"]
[EventCountry "SVK"]
[SourceTitle "EXT 2023"]
[Source "ChessBase"]
[SourceDate "2022.10.05"]
[SourceVersion "1"]
[SourceVersionDate "2022.10.05"]
[SourceQuality "1"]

1. Nf3 d5 2. c4 Nf6 3. e3 c6 4. Nc3 e6 5. a3 Be7 6. d4 dxc4 7. Bxc4 Nbd7 8. 0-0 0-0 9. Bd2 Nb6 10. Ba2 Nbd5 11. Nxd5 exd5 12. Rc1 Bg4 13. h3 Bh5 14. b4 a6 15. Bb1 Re8 16. Bd3 Ne4 17. Be1 Bd6 18. g4 Bg6 19. Kg2 f5 20. Bxe4 Rxe4 21. Nd2 Re6 22. Rg1 fxg4 23. hxg4 Qe7 24. Rc3 Rf8 25. Rh1 Qg5 26. f4 Qe7 27. Bf2 Bxf4 28. exf4 Rxf4 29. Rg3 Re2 30. Nf3 Qe3 31. Qg1 Be4 32. Rhh3 Qxd4 33. Qf1 Qb2 34. Kg1 Rc2 35. Be3 Rf7 36. Rg2 Qxa3 37. Rxc2 Bxc2 38. Qc1 Qa4 39. Ng5 Rf6 40. Bd4 Rd6 41. Rg3 Be4 42. Bc5 Rd8 43. Qf1 Bg6 44. Rf3 1-0

[Event "SVK-chT2D 0607"]
[Site "Slovakia"]
[Date "2006.11.25"]
[Round "3.3"]
[White "Fedorko, Stefan"]
[Black "Barancik, Michal"]
[Result "1-0"]
[WhiteElo "2094"]
[BlackElo "1850"]
[PlyCount "67"]
[EventDate "2006.10.14"]
[EventType "team-tourn"]
[EventRounds "11"]
[EventCountry "SVK"]
[SourceTitle "EXT 2008"]
[Source "ChessBase"]
[SourceDate "2007.11.25"]
[SourceVersion "1"]
[SourceVersionDate "2007.11.25"]
[SourceQuality "1"]
[WhiteTeam "Bardejov BSK"]
[BlackTeam "Humenne Reinter"]
[WhiteTeamCountry "SVK"]
[BlackTeamCountry "SVK"]

1. d4 d5 2. c4 e6 3. Nc3 Nf6 4. Nf3 c6 5. e3 Nbd7 6. Qc2 Be7 7. b3 b6 8. Bb2 Bb7 9. Bd3 h6 10. 0-0 0-0 11. Rad1 c5 12. Qe2 Ne4 13. Ne5 Nxe5 14. dxe5 Nxc3 15. Bxc3 Qc7 16. f4 f5 17. cxd5 Bxd5 18. Bxf5 Rxf5 19. e4 Bxe4 20. Qxe4 Rd8 21. g4 Rff8 22. f5 exf5 23. gxf5 Rfe8 24. f6 Bxf6 25. Qc4+ Qf7 26. Qxf7+ Kxf7 27. Rxd8 Rxd8 28. exf6 g6 29. Re1 Rd3 30. Re7+ Kf8 31. Be5 Rd5 32. Kf2 Rd2+ 33. Ke3 Rd1 34. Rxa7 1-0